Find the Mystery State #3 - Statistics

General Stats
  • This quiz has been taken 456 times
  • The average score is 21 of 48
Answers on the Map
Answers color-coded by a green-red scale on the quiz's map according to % correct below.
 
Answer Stats
% Correct
Texas 3
64%
California 6
52%
Colorado 3
51%
New York 4
51%
Florida 4
49%
Ohio 2
49%
Utah 4
49%
Alabama 3
48%
Iowa 1
48%
Idaho 4
46%
Kansas 2
46%
Montana 3
46%
Washington 5
46%
Kentucky 1
45%
Nebraska 2
45%
Arizona 4
44%
Arkansas 2
44%
Georgia 3
44%
Maine 7
44%
Michigan 2
44%
Missouri 1
44%
Tennessee 2
44%
Indiana 1
43%
Minnesota 2
43%
Nevada 5
43%
Oregon 5
43%
Pennsylvania 3
43%
Wyoming 3
43%
Louisiana 3
42%
North Dakota 3
42%
Delaware 4
41%
New Jersey 4
41%
New Mexico 3
41%
Oklahoma 2
41%
Virginia 2
41%
Wisconsin 1
41%
Mississippi 3
40%
North Carolina 3
40%
Rhode Island 6
40%
South Carolina 4
40%
South Dakota 2
40%
West Virginia 2
40%
Connecticut 5
39%
Maryland 3
39%
Massachusetts 5
39%
New Hampshire 6
39%
Vermont 5
39%
Illinois #
38%
No matching quizzes found
Score Distribution
Percent of People with Each Score
Percentile by Number Answered
Your Score History
You have not taken this quiz